<?xml version="1.0" encoding="UTF-8"?>
<collection xmlns:xsi="http://www.w3.org/2001/XMLSchema-instance" xsi:schemaLocation="http://www.loc.gov/MARC21/slim http://www.loc.gov/standards/marcxml/schema/MARC21slim.xsd" xmlns="http://www.loc.gov/MARC21/slim">
 <record>
  <leader>00000cgm a22000004a 4500</leader>
  <controlfield tag="001">UP-99796217612259678</controlfield>
  <controlfield tag="003">Buklod</controlfield>
  <controlfield tag="005">20161007163451.0</controlfield>
  <controlfield tag="006">m||||fo||d| ||||||</controlfield>
  <controlfield tag="007">cr |n |||auu|a</controlfield>
  <controlfield tag="008">161007s2006    xx     d||| |     ||   ||</controlfield>
  <datafield tag="035" ind1=" " ind2=" ">
   <subfield code="a">(iLib)UPD-00259709065</subfield>
  </datafield>
  <datafield tag="040" ind1=" " ind2=" ">
   <subfield code="a">TEFMT</subfield>
   <subfield code="d">DMLM</subfield>
  </datafield>
  <datafield tag="041" ind1="0" ind2=" ">
   <subfield code="a">eng</subfield>
  </datafield>
  <datafield tag="042" ind1=" " ind2=" ">
   <subfield code="a">DMLUC</subfield>
  </datafield>
  <datafield tag="090" ind1=" " ind2=" ">
   <subfield code="a">VDR-1629</subfield>
  </datafield>
  <datafield tag="245" ind1="0" ind2="0">
   <subfield code="a">Date night</subfield>
   <subfield code="h">[videorecording]</subfield>
   <subfield code="c">Twentieth Century Fox presents a 21 Laps production ; a Shawn Levy film ; written by Josh Klausner ; produced and directed by Shawn Levy.</subfield>
  </datafield>
  <datafield tag="264" ind1=" " ind2="1">
   <subfield code="a">Beverly Hills, Calif.</subfield>
   <subfield code="b">20th Century Fox Home Entertainment</subfield>
   <subfield code="c">c2006.</subfield>
  </datafield>
  <datafield tag="300" ind1=" " ind2=" ">
   <subfield code="a">1 DVD (96 min.)</subfield>
   <subfield code="b">sd., col.</subfield>
   <subfield code="c">4 3/4 in.</subfield>
  </datafield>
  <datafield tag="500" ind1=" " ind2=" ">
   <subfield code="a">Special features: audio commentary by director Shawn Levy (theatrical version only); alternate scenes; Directing off-camera featurette, Directing 301 featurette; public service announcements; gag reel.</subfield>
  </datafield>
  <datafield tag="508" ind1=" " ind2=" ">
   <subfield code="a">Director of photography, Dean Semler ; editor, Dean Zimmerman ; music, Christophe Beck.</subfield>
  </datafield>
  <datafield tag="511" ind1="1" ind2=" ">
   <subfield code="a">Steve Carell, Tina Fey, Taraji P. Henson, Jimmi Simpson, Common, William Fichtner, Mark Wahlberg, Mila Kunis.</subfield>
  </datafield>
  <datafield tag="520" ind1=" " ind2=" ">
   <subfield code="a">An ordinary couple is in the right place, on the wrong night. Phil and Claire Foster are a sensible, suburban husband and wife slogging through their daily lives and marriage. But a case of mistaken identity sets off an outrageous chain of events involving small-time thieves, big-city mobsters, corrupt cops and a crazed cabbie, as the Fosters' 'date night' turns into a wild ride they'll never forget!</subfield>
  </datafield>
  <datafield tag="521" ind1="8" ind2=" ">
   <subfield code="a">Rating for theatrical version PG-13; for sexual and crude content throughout, language, some violence and a drug reference. Extended version not rated.</subfield>
  </datafield>
  <datafield tag="538" ind1=" " ind2=" ">
   <subfield code="a">DVD videos, NTSC Region 1.</subfield>
  </datafield>
  <datafield tag="546" ind1=" " ind2=" ">
   <subfield code="a">English, French or Spanish dialogue; English, French or Spanish subtitles; English subtitles for the deaf and hard of hearing; closed captioned except special features.</subfield>
  </datafield>
  <datafield tag="650" ind1=" " ind2="0">
   <subfield code="a">Married people</subfield>
   <subfield code="v">Drama.</subfield>
  </datafield>
  <datafield tag="650" ind1=" " ind2="0">
   <subfield code="a">Criminals</subfield>
   <subfield code="v">Drama.</subfield>
  </datafield>
  <datafield tag="651" ind1=" " ind2="0">
   <subfield code="a">New York (N.Y.)</subfield>
   <subfield code="v">Drama.</subfield>
  </datafield>
  <datafield tag="710" ind1="2" ind2=" ">
   <subfield code="a">Twentieth Century-Fox Film Corporation.</subfield>
  </datafield>
  <datafield tag="710" ind1="2" ind2=" ">
   <subfield code="a">21 Laps Entertainment (Firm).</subfield>
  </datafield>
  <datafield tag="710" ind1="2" ind2=" ">
   <subfield code="a">Twentieth Century Fox Home Entertainment, Inc.</subfield>
  </datafield>
  <datafield tag="905" ind1=" " ind2=" ">
   <subfield code="a">FO</subfield>
  </datafield>
  <datafield tag="852" ind1="0" ind2=" ">
   <subfield code="a">UPD</subfield>
   <subfield code="b">DMLR</subfield>
   <subfield code="h">VDR-1629</subfield>
  </datafield>
  <datafield tag="942" ind1=" " ind2=" ">
   <subfield code="a">Visual Material</subfield>
  </datafield>
 </record>
</collection>
